000
00299nam a22001337a 4500
008
170421b xxu||||| |||| 00| 0 eng d
020
_a
9781429246460
041
_a
eng
080
_2
9TH
_a
573
100
_a
11
101
_a
SHM
245
_a
LIFE/ THE SCIENCE OF BIOLOGY
_c
SADAVA
942
_2
udc
_c
BK
999
_c
11469
_d
11469